| 000 | 00762nam a2200241 a 4500 | ||
|---|---|---|---|
| 001 | 000023355 | ||
| 005 | 20200930022148.0 | ||
| 008 | 101203s1994 sp r 000 0 spa d | ||
| 020 | _a8440643667 | ||
| 040 |
_aDO-SdBNP _bspa _cBNPHU |
||
| 082 |
_a928.1 _bV648L |
||
| 100 | 1 |
_aVidal, Gore _d1925- _913576 |
|
| 245 | 1 | 0 |
_aLincoln / _cGore Vidal ; traducción, Carlos Peralta. |
| 260 |
_aBarcelona, (España) : _bEdiciones B, _c1994. |
||
| 300 |
_a990 p. ; _c17 cm. |
||
| 490 | 1 |
_aVIB _v143/1 |
|
| 500 | _aTítulo original. : Lincoln. | ||
| 600 | 1 | 0 |
_aLINCOLN, ABRAHAM, _d1809-1865 _xBIOGRAFÍA _948108 |
| 650 | 4 |
_aEstados unidos _xPresidente(1861-1865: lincoln) _948109 |
|
| 700 | 1 |
_aPeralta, Carlos _etr _948110 |
|
| 830 | 0 |
_aVIB ; _v143/1 _948111 |
|
| 049 | _aBNGR | ||
| 999 |
_c22852 _d22852 |
||